| 000 | 00816nas a2200277 4500 | ||
|---|---|---|---|
| 001 | BR2013009825 | ||
| 003 | BR-BrBNA | ||
| 005 | 20231205123333.0 | ||
| 007 | ta | ||
| 008 | 230509b bl.|||p| |||| 00| 00por d | ||
| 040 |
_aBR-BrBNA _bpor _cBiblioteca Nacional de Agricultura |
||
| 041 | _a(Pt) | ||
| 072 | _aE71 | ||
| 100 | 1 | _aAlmeida, A.N. de | |
| 100 | 1 | _aSilva, J.C.G.L. da | |
| 100 | 1 | _aAngelo, H. | |
| 245 | 1 | _aCompetitividade do Brasil e Canadá no mercado de madeira serrada de coníferas | |
| 650 | _aMADEIRA SERRADA | ||
| 650 | _aÁRVORE CONÍFERA | ||
| 650 | _aMERCADO | ||
| 650 | _aBRASIL | ||
| 650 | _aCANADÁ | ||
| 773 | 0 |
_tCiência Florestal (Brazil) _xISSN 0103-9954 _g(Sep 2013), v. 23(3) p. 439-448 _wBR2013009825 |
|
| 909 |
_a202311 _bLúcia _c55 _dLúcia Elande |
||
| 942 |
_2AGRIS _n0 _cANA |
||
| 999 |
_c233394 _d233394 |
||